Cocardes d'Afrique - Statistiques

Statistiques générales
  • Ce quiz a été pris 318 fois
  • Le résultat moyen est 24 sur 52
Statistiques - réponses
Par images Réponse % Correct
Algérie
94%
Maroc
83%
Tunisie
82%
Nigeria
77%
Érythrée
69%
Libye
69%
Éthiopie
66%
Soudan
65%
Burkina Faso
63%
Niger
62%
Comores
61%
Égypte
60%
Togo
60%
Liberia
59%
Botswana
57%
Afrique du Sud
54%
Gabon
54%
Mauritanie
54%
République centrafricaine
53%
Bénin
52%
Côte d'Ivoire
52%
Mali
52%
Angola
51%
Ouganda
48%
Tchad
48%
Djibouti
47%
Kenya
46%
Mozambique
44%
Somalie
43%
Cameroun
41%
Eswatini
40%
Sénégal
40%
Lesotho
38%
Soudan du Sud
38%
Zambie
34%
Seychelles
33%
Guinée
31%
Sao Tomé-et-Principe
31%
Maurice
29%
Madagascar
28%
République démocratique du Congo
28%
Ghana
27%
Sierra Leone
27%
Namibie
24%
Zimbabwe
24%
Guinée équatoriale
23%
République du Congo
23%
Tanzanie
23%
Malawi
20%
Burundi
15%
Guinée-Bissau
15%
Rwanda
13%
Aucun quiz correspondant
Distribution des résultats
% des personnes avec chaque résultat
Percentile par nombre de réponses
Votre historique - résultats
Vous n’avez pas pris ce quiz